都道府県庁所在地と接する村 - Statistics

General Stats
  • This quiz has been taken 9 times
  • The average score is 16 of 20
Answer Stats
Hint Answer % Correct
新潟市 弥彦村
100%
富山市 舟橋村
100%
名古屋市 飛島村
100%
奈良市 山添村
100%
徳島市 佐那河内村
100%
札幌市 赤井川村
80%
青森市 蓬田村
80%
秋田市 上小阿仁村
80%
前橋市 榛東村
80%
長野市 白馬村
80%
長野市 小谷村
80%
静岡市 大鹿村
80%
津市 曽爾村
80%
津市 御杖村
80%
奈良市 南山城村
80%
長野市 生坂村
60%
長野市 筑北村
60%
長野市 小川村
60%
甲府市 川上村
40%
長野市 麻績村
40%
No matching quizzes found
Score Distribution
Percent of People with Each Score
Percentile by Number Answered
Your Score History
You have not taken this quiz